Normal view
MARC view
- ISLAM, UL RAFOQ
Entry Personal Name
001 - CONTROL NUMBER
- control field: 87427
003 - CONTROL NUMBER IDENTIFIER
- control field: NUST
005 - DATE AND TIME OF LATEST TRANSACTION
- control field: 20220107104353.0
008 - FIXED-LENGTH DATA ELEMENTS
- fixed length control field: 220107|| aca||aabn | a|a d
040 ## - CATALOGING SOURCE
- Original cataloging agency: NUST
- Transcribing agency: NUST
100 ## - HEADING--PERSONAL NAME
- Personal name: ISLAM, UL RAFOQ
670 ## - SOURCE DATA FOUND
- Source citation: Work cat.: (NUST): ISLAM, UL RAFOQ., DATA MISSING /, 2019.
